A Primer on the Economic History of Europe /
Estudio histórico que presenta el desarrollo de la economía de Europa, desde la época preindustrial, posterior al imperio romano, hasta el período de la posguerra en el siglo XX.
Guardado en:
| Autor principal: | |
|---|---|
| Formato: | Libro |
| Idioma: | Inglés |
| Publicado: |
Nueva York, EUA :
Random House,
1968, c1968
|
| Colección: | (Primers in Economics ;
8) |
| Temas: | |
| Etiquetas: |
Sin etiquetas, Sé el primero en etiquetar este registro!
|
MARC
| LEADER | 00000nam^a2200000^a^4500 | ||
|---|---|---|---|
| 001 | 000271400 | ||
| 005 | 20250521000000.0 | ||
| 009 | 20260310111026.031 | ||
| 037 | |a Acervo Xavier Clavigero | ||
| 041 | |a ING | ||
| 082 | |a 330. 940 |b HOH | ||
| 100 | |a Hohenberg, Paul |e (autor) | ||
| 245 | 1 | 1 | |a A Primer on the Economic History of Europe / |c P. Hohenberg. |
| 264 | 4 | |a Nueva York, EUA : |b Random House, |c 1968, c1968 | |
| 300 | |a X, 241 p. | ||
| 336 | |a texto |b txt |2 rdacontenido | ||
| 337 | |a sin mediación |b n |2 rdamedio | ||
| 338 | |a volumen |b nc |2 rdasoporte | ||
| 440 | 1 | |a (Primers in Economics ; |v 8) | |
| 520 | |a Estudio histórico que presenta el desarrollo de la economía de Europa, desde la época preindustrial, posterior al imperio romano, hasta el período de la posguerra en el siglo XX. | ||
| 649 | |a XX | ||
| 650 | |a Desarrollo Económico-Social - |z Europa - |x Historia | ||
| 650 | |a Economía Política - |z Europa - |x Historia | ||
| 650 | |a Economía - |z Europa - |x Historia - |x Tema Principal | ||
| 650 | |a Europa - |x Condiciones Económicas | ||
| 910 | |a Fondo General | ||
| 920 | |a Impresos - Libros | ||
| 930 | |a Colección General | ||
| 905 | |a 101 | ||
| 901 | |a 0500157150 |b IT1 |c ACC |u 20250521 | ||
| 902 | |a https://opac.biblio.iteso.mx/vufind/Record/000271400 | ||